000 00591nam a2200205 a 4500
005 20240921063854.0
008 021106s1996 mx r 000 0 spa d
020 _a8480632267
035 _aUPN01000120785
049 _aCG
050 4 _aLB1025.3
_bA4.28
100 1 _aAlves, Rubem
245 1 3 _aLa alegria de enseñar /
_cRubem Alves ; tr. de Helena Reig Ahicart.
260 _aBarcelona, Esp. :
_bOctaedro,
_c1996.
300 _a95 p.
440 0 _aRecursos ;
_v14
534 _pTraducción de:
_tA alegría de ensinar
650 2 _aEnseñanza
_xInvestigación
_920071
905 _aLibro
999 _c93119
_d93119